000 00694nam a2200277Ia 4500
005 20260324120215.0
008 008 260324s9999 xx 000 0 eng d
020 _a9781351229098
037 _aEBOOK
040 _aCRL
040 _beng
040 _cCRL
041 _2eng
041 _aeng
084 _qCRL
100 _aJiuping Xu; Zezhong Wu
_91157656
245 0 _aTubular String Characterization in High Temperature High Pressure Oil and Gas Wells
260 _bTaylor and Francis
260 _c2015
365 _a
365 _b400
856 _uhttp://www.taylorfrancis.com/books/9781351229098
942 _cEBOOK
999 _c1749066
_d1749066